[Event "Foment Martinenc op-B 16th"]
[Site "Barcelona"]
[Date "2014.05.31"]
[Round "6"]
[White "Brunet Gil, Pol"]
[Black "Diez Balastegui, Jose Antonio"]
[Result "1/2-1/2"]
[WhiteElo "1853"]
[BlackElo "1727"]
[PlyCount "73"]
[EventDate "2014.04.26"]
[EventType "swiss"]
[EventRounds "9"]
[EventCountry "ESP"]
[SourceTitle "EXT 2015"]
[Source "ChessBase"]
[SourceDate "2014.11.20"]
[SourceVersion "1"]
[SourceVersionDate "2014.11.20"]
[SourceQuality "1"]

1. e4 d5 2. exd5 Nf6 3. Nf3 Nxd5 4. d4 Bf5 5. Bd3 Bg6 6. c4 Nb6 7. Nc3 e6 8. a3 N8d7 9. b4 Nf6 10. 0-0 a5 11. b5 Nbd7 12. a4 Bxd3 13. Qxd3 Nc5 14. Qc2 Ncd7 15. Re1 Bb4 16. Ba3 0-0 17. Bxb4 axb4 18. Na2 c5 19. dxc5 b3 20. Qxb3 Nxc5 21. Qd1 Qb6 22. Nc3 Rfd8 23. Qc2 Rd6 24. Red1 Rad8 25. Rxd6 Rxd6 26. Rd1 Rxd1+ 27. Qxd1 Nfe4 28. Nxe4 Nxe4 29. Qd4 Nc5 30. Kf1 f6 31. Nd2 Qc7 32. a5 Kf7 33. g3 Nd7 34. Ne4 Ne5 35. Qc3 Qd7 36. Qd2 Qc7 37. Qc3 1/2-1/2